000 005460000a22001810004500
003 MACL
005 20160130160316.0
008 160130b xxu||||| |||| 00| 0 eng d
040 _aMACL
_cMACL
041 _aHindi
082 _a320/SHA
100 _aए डी शर्मा
_936266
245 _a IAS सिविल सेवा (मुख्‍य) परीक्षा
_b…+…
260 _bअरिहन्‍त प्रकाशन
_aमेरठ
350 _a135
650 _aIAS Exam
_936267
942 _cHIN
_k320/SHA
_2ddc
999 _c44696
_d44696